[Event "HokkaidoCh2018"]
[Site "?"]
[Date "2018.03.25"]
[Round "4.8"]
[White "KOBAYASHI, Katsuhiko"]
[Black "ITO, Katsumi"]
[Result "1-0"]
[WhiteElo "1494"]
[BlackElo "1282"]
[Annotator "Fritz 15 (30s)"]
[PlyCount "73"]
[SourceDate "2018.03.25"]

{B51: Sicilian: Moscow Variation (3 Bb5+) without 3...Bd7} 1. e4 c5 2. Nf3 Nc6
3. Bb5 d6 4. Bxc6+ bxc6 5. O-O Bg4 6. Nc3 $146 (6. h3 Bh5 (6... Bxf3 7. Qxf3 e6
8. c3 Be7 9. d4 cxd4 10. cxd4 Nf6 11. Nc3 d5 12. Be3 O-O 13. b3 Bb4 14. Bg5
Bxc3 15. Qxc3 Nxe4 16. Bxd8 Nxc3 17. Be7 Rfe8 18. Bc5 a5 19. f3 a4 20. Kf2 Ra6
21. Rfc1 {Leko,P (2545)-Gelfand,B (2685) Munich 1994 0-1 (42)}) 7. Re1 (7. c3
Nf6 8. Re1 e6 9. d3 Be7 10. Nbd2 O-O 11. Qa4 Qc7 12. e5 Nd5 13. exd6 Bxd6 14.
Qh4 Nf4 15. Ne4 Bxf3 16. Bxf4 Bxf4 17. gxf3 Rad8 18. Nxc5 e5 19. d4 exd4 20.
Re7 Qd6 21. Ne4 Qg6+ {Velicka,P (2420)-Pisk,P (2295) Czechia 1996 1/2-1/2})
7... Nf6 8. d3 e6 9. Nbd2 Nd7 10. Nf1 Be7 11. Ng3 Bg6 12. Bd2 (12. Nh2 Bh4 13.
Bf4 e5 14. Be3 Bxg3 15. fxg3 O-O 16. g4 d5 17. Qf3 dxe4 18. dxe4 Qa5 19. Rad1
Rfd8 20. g5 Qa4 21. Bf2 Qxc2 22. h4 h5 23. gxh6 Nf6 24. Rxd8+ Rxd8 25. hxg7
Nxe4 26. Be3 f5 {Borghi,H (2320)-Soppe,G (2405) San Luis 1990 0-1 (37)}) 12...
h5 13. Ne2 h4 14. Nf4 Bh7 15. e5 d5 16. g4 hxg3 17. fxg3 Qb8 18. b3 g5 19. Ng2
Bg8 20. Bxg5 Bxg5 {Titov,G (2200)-Yudasin,L (2475) Kostroma 1985 0-1 (39)}) (6.
c3 Nf6 7. Re1 e6 8. d4 Bxf3 9. Qxf3 cxd4 10. cxd4 d5 11. e5 Nd7 12. Qg3 Qb6 13.
Rd1 g6 14. Nc3 Be7 15. Bh6 Qxb2 16. Rab1 Qa3 17. Rd3 Qa6 18. Rf3 Bf8 19. Qf4
Bxh6 20. Qxh6 Qc4 {Velicka,P (2335)-Videki,S (2385) Zalakaros 1991 1/2-1/2 (64)
}) (6. h3 Bh5 $14) 6... h6 {Controls g5} (6... e5 7. Re1 $11) 7. d3 (7. h3 Bxf3
8. Qxf3 e6 $14) 7... Nf6 8. Bd2 (8. h3 Bxf3 9. Qxf3 Nd7 $14) 8... Rb8 $11 9. b3
e6 {Covers d5} 10. h3 Bh5 11. g4 Bg6 12. e5 {White threatens to win material:
e5xf6} Nd7 13. exd6 Bxd6 14. Ne4 Bxe4 (14... Bc7 15. Qe2 $11) 15. dxe4 $14 Ne5
16. Bc3 Nxf3+ 17. Qxf3 O-O 18. Rad1 Qc7 19. e5 (19. Qe3 $5 $14 {is worthy of
consideration}) 19... Bxe5 $11 20. Bxe5 Qxe5 21. Qxc6 Rfc8 {Black threatens to
win material: Rc8xc6} (21... Qc3 22. Kg2 $15) 22. Qd7 {White threatens to win
material: Qd7xa7} Qc3 {Black threatens to win material: Qc3xc2. Black forks:
c2+h3} 23. Qxa7 (23. Qd3 $142 $5 {should not be overlooked} Qa5 24. Qe4 $11)
23... Qxh3 $17 24. Rd3 (24. f3 $5 $17) 24... Qxg4+ $19 25. Rg3 Qe4 26. Rd1 (26.
Qe7 Qxc2 27. Qf6 g6 $19) 26... Rb7 27. Qa5 Rbb8 (27... Qxc2 $142 {Black
clearly has the better chances} 28. Qd2 Qxd2 29. Rxd2 Ra7 $19) 28. Qc3 (28. Qa7
Qxc2 29. Rdd3 $19) 28... f6 $4 {ruins a very nice position} (28... g6 $142 $5
$15 {is a viable option}) 29. Qxf6 (29. Rd7 Kh8 30. Rgxg7 Qe1+ 31. Qxe1 Rg8 32.
Rg3 Rxg3+ 33. fxg3 Rg8 34. Qxe6 Rxg3+ 35. Kf2 Rg6 36. Qd6 Rg2+ 37. Kxg2 Kg8 38.
Qb8#) 29... g5 $4 (29... Rc7 $142 {was a good chance to save the game} 30. Qxh6
Qxc2 31. Qxe6+ Rf7 $14) 30. Rd7 Qe1+ 31. Kh2 (31. Kg2 Qe4+ 32. Kh2 Qh7 33. Rxh7
Kxh7 34. Qf7+ Kh8 35. Rh3 Rf8 36. Rxh6#) 31... Qxf2+ 32. Qxf2 Rf8 33. Rf3 (33.
Qe3 Rf2+ 34. Qxf2 Rf8 35. Qe3 Rf6 36. Rxg5+ hxg5 37. Qxg5+ Kf8 38. Qxf6+ Ke8
39. Qf7#) 33... g4 (33... Rfd8 {doesn't do any good} 34. Qd2 Rxd7 35. Qxd7 Rf8
36. Qxe6+ Kg7 37. Qe7+ Kg6 38. Qxf8 Kh5 39. Rh3+ Kg4 40. Qf3#) 34. Rxf8+ (34.
Rff7 Rfe8 35. Rg7+ Kh8 36. Rh7+ Kg8 37. Rdg7#) 34... Rxf8 35. Qxf8+ (35. Qe2
g3+ 36. Kh3 Rf7 37. Qxe6 h5 38. Qxf7+ Kh8 39. Rd8#) 35... Kxf8 36. Kg3 Ke8 (
36... h5 {is no salvation} 37. Rh7 Ke8 38. a4 Kd8 39. Rxh5 Kc7 40. Rxc5+ Kd6
41. Rc4 e5 42. a5 e4 43. a6 e3 44. a7 e2 45. Re4 Kc7 46. a8=Q e1=R 47. Qa7+ Kd6
48. Rxe1 Kc6 49. Re6+ Kd5 50. Qa6 Kd4 51. Qc4#) 37. Rh7 (37. Rh7 e5 38. a4 Kd8
39. Kxg4 h5+ 40. Kf5 e4 41. Kxe4 Kc8 42. a5 h4 43. a6 Kb8 44. a7+ Ka8 45. Kd5
h3 46. Kc6 h2 47. Kb6 h1=Q 48. Rxh1 c4 49. Rh8#) 1-0

[Event "HokkaidoCh2018"]
[Site "?"]
[Date "2018.03.25"]
[Round "5.1"]
[White "SUGIMOTO, Koichi"]
[Black "KIMURA, Ryota"]
[Result "1-0"]
[WhiteElo "1960"]
[BlackElo "1625"]
[Annotator "Fritz 15 (30s)"]
[PlyCount "81"]
[SourceDate "2018.03.25"]

{D34: Tarrasch Defence: 6 g3 Nf6 7 Bg2 Be7} 1. d4 d5 2. c4 e6 3. Nf3 c5 4. cxd5
exd5 5. g3 Nc6 6. Bg2 Nf6 7. O-O Be7 8. Nc3 O-O 9. Bg5 cxd4 10. Nxd4 Be6 11.
Rc1 (11. Nxe6 fxe6 12. Bh3 Kh8 13. Bxe6 d4 14. Nb1 Ne4 15. Bxe7 Qxe7 16. Bd5
Rad8 17. Bxe4 Qxe4 18. Nd2 Qg4 19. e4 Qh3 20. f4 d3 21. Qf3 Rf6 22. Rad1 Rh6
23. Qg2 Qe6 24. b3 Nd4 25. Nc4 b5 {Kashlinskaya,A (2377)-Bezgodova,M (2200)
Gaziantep 2012 1-0}) 11... Qd7 12. Nxc6 $146 (12. Na4 Ne4 (12... Nxd4 13. Qxd4
b6 14. Rfd1 Rac8 15. Nc3 Rfd8 16. Qf4 Rc4 17. e4 Qe8 18. b3 Rb4 19. a3 Rxb3 20.
exd5 Nh5 21. Qh4 f6 22. dxe6 Rxd1+ 23. Rxd1 Rxc3 24. Be3 g5 25. Qe4 Rxa3 26.
Qb7 Ng7 27. Bc6 {Frolyanov,D (2599)-Bezgodova,S (2154) Khanty-Mansiysk 2011
1-0 (42)}) 13. Bxe7 Qxe7 14. Nxc6 bxc6 15. Rxc6 Rac8 16. Rxc8 Rxc8 17. e3 Qc7
18. Qd4 Qc2 19. Qxa7 Nd2 20. Re1 Ne4 21. Rf1 Nd2 22. Re1 Ne4 23. Bxe4 dxe4 24.
Qd4 h6 25. Nb6 Rc5 26. Qd1 {1/2-1/2 (26) Hammer,J (2633)-Bezgodov,A (2485)
Khanty-Mansiysk 2010}) (12. e4 Nxe4 13. Nxe6 Qxe6 14. Bxe7 Nxc3 15. Rxc3 Nxe7
$14) 12... bxc6 $11 {Black has new hanging pawns: c6+d5} 13. Na4 Rab8 14. a3 {
Prevents intrusion on b4} h6 {Black threatens to win material: h6xg5} 15. Be3
Rfc8 16. b4 {Black has a new backward pawn: c6} Rb7 17. Bd4 Qd6 (17... Rb5 18.
Qd2 $14) 18. Nc5 $16 Rbc7 19. Qd3 Qd8 20. Rc3 (20. Nxe6 fxe6 21. Bh3 Qd7 $16)
20... Nd7 (20... Bxc5 $5 21. Bxc5 Rd7 $14) 21. Nxe6 fxe6 22. Qe3 e5 23. Bxe5
Nxe5 24. Qxe5 Bf6 25. Qe6+ Kh8 26. Rd3 (26. Rc2 $5 Re7 27. Qg4 Rec7 $18) 26...
Re7 $16 27. Qg4 Qc7 $2 (27... Qe8 28. e3 $16) 28. e3 (28. Rc1 $5 Rce8 29. Bxd5
Rxe2 30. Rxc6 Qe5 $18) 28... Rce8 29. Rfd1 a5 (29... Qb8 30. Qg6 Re5 31. h4 $18
) 30. Rc1 (30. b5 $5 cxb5 31. Rxd5 b4 32. axb4 axb4 $18) 30... Qb6 31. Rc5 (31.
bxa5 Qxa5 32. Bh3 Qb6 $16) 31... axb4 32. Qxb4 Rb7 33. Qxb6 Rxb6 34. a4 d4 (
34... Be7 $5 35. Rc1 Ra8 $16) 35. Rxc6 $18 Rb1+ 36. Bf1 dxe3 37. Rxe3 Rd8 (
37... Rxe3 38. fxe3 Ra1 39. Ra6 $18) 38. Kg2 Rd2 $4 {sad, but how else could
Black save the game?} (38... Ra1 39. Bb5 Kh7 $18) 39. Rc8+ Kh7 40. Bd3+ Rxd3
41. Rxd3 1-0

[Event "HokkaidoCh2018"]
[Site "?"]
[Date "2018.03.25"]
[Round "5.2"]
[White "AOKI, Yasuhiro"]
[Black "DRAKAKIS, Athanasios"]
[Result "0-1"]
[WhiteElo "1620"]
[BlackElo "1827"]
[Annotator "Fritz 15 (30s)"]
[PlyCount "78"]
[SourceDate "2018.03.25"]

{A18: English Opening: Flohr-Mikenas System (1 c4 Nf6 2 Nc3 e6 3 e4)} 1. c4 Nf6
2. Nc3 e6 3. e4 d6 4. d4 Be7 5. Nf3 O-O 6. Be2 (6. Bd3 c5 7. dxc5 dxc5 8. e5
Nfd7 9. Qc2 g6 10. Bh6 Re8 11. Be4 Qb6 12. h4 Nc6 13. Bxc6 Qxc6 14. h5 b6 15.
hxg6 fxg6 16. O-O-O Bb7 17. Rh3 Bf8 18. Rdh1 Bxh6+ 19. Rxh6 Re7 20. Qxg6+ Rg7 {
Yilmaz,M (2531)-Guliev,L (2401) Nakhchivan 2013 1-0}) 6... h6 $146 {
Consolidates g5} (6... d5 7. e5 Ne4 8. Qc2 f5 9. exf6 Nxf6 10. Bg5 Nc6 11. Rd1
h6 12. Bh4 b6 13. O-O Bb7 14. Ne5 Nxe5 15. dxe5 Ne4 16. Nxe4 Bxh4 17. Nc3 c6
18. g3 Bg5 19. h4 Be7 20. Qg6 Qe8 21. Qxe6+ {Vera Gonzalez Quevedo,R (2410)
-Pokojowczyk,J (2420) Berlin East 1982 1-0 (36)}) (6... Nbd7 7. O-O c5 8. Re1
cxd4 9. Nxd4 Nc5 10. f3 a6 11. Be3 Re8 12. Bf2 e5 13. Nc2 Ne6 14. Bf1 Bd7 15.
Rc1 Rc8 16. Ne3 Nd4 17. Ned5 Nxd5 18. Nxd5 Ne6 19. Bb6 Nc7 20. Kh1 Bc6 21. Nxc7
{Grischuk,A (2720)-Mokry,K (2459) Mainz 2005 1-0 (46)}) (6... c6 7. O-O Nbd7 8.
e5 (8. Rb1 Qc7 9. h3 e5 10. Be3 a6 11. a4 c5 12. dxe5 Nxe5 13. Nd2 b6 14. f4
Ng6 15. Nf3 Bb7 16. f5 Ne5 17. Nxe5 dxe5 18. Nd5 Bxd5 19. exd5 Ne8 20. Bd3 Qd8
21. Qg4 Bf6 22. Rbe1 Nd6 {Hrubant,I (2173)-Novotny,J (2187) Czechia 2002 0-1 
(41)}) 8... dxe5 9. dxe5 Ng4 10. Bf4 Qa5 11. Qd2 Kh8 12. Ne4 Qxd2 13. Nexd2 f6
14. exf6 Bxf6 15. Rab1 e5 16. Bg3 a5 17. Ne4 Be7 18. Rbd1 Ngf6 19. Nd6 Bxd6 20.
Rxd6 Ne4 21. Re6 {Milicevic,A (2233)-Djordjevic,D (2202) Belgrade 2012 1/2-1/2
(41)}) 7. O-O Nh7 8. Be3 c6 {Secures b5+d5} 9. Qc2 f5 10. exf5 exf5 11. Rad1
Ng5 12. Nxg5 hxg5 13. Bd3 Qd7 (13... Na6 14. a3 $14) 14. Rfe1 Na6 15. a3 Nc7
16. d5 c5 17. b4 b6 18. b5 Ne8 19. Bc1 {Black has a cramped position} Bf6 20.
Ne2 g6 21. h4 (21. Bd2 $5 $14) 21... gxh4 $11 22. Nf4 {White threatens to win
material: Nf4xg6} Qf7 23. Ne6 Bxe6 24. dxe6 Qe7 25. Qe2 (25. Be2 $5 $11) 25...
Ng7 (25... Nc7 26. Qe3 Rae8 27. g4 Nxe6 28. gxf5 gxf5 29. Bxf5 $15) 26. Bh6 (
26. Qd2 Be5 $15) 26... Rae8 (26... Bc3 27. Bd2 Be5 28. Kh1 $17) 27. Qf3 (27.
Qe3 $5 $17) 27... Be5 28. Qd5 Qxe6 29. Qc6 Rc8 30. Qb7 (30. Qf3 Qf6 $17) 30...
Rf7 $19 31. Qf3 Qf6 32. Bc1 Ne6 33. Bb1 Kg7 34. Qd5 Nf4 35. Bxf4 Bxf4 36. Re6
Qg5 37. Rde1 Rcf8 38. Bd3 Be5 39. Bf1 (39. Kf1 Rh8 40. Qf3 Qh6 $19) 39... Qf4 (
39... Qf4 40. Bd3 Bd4 $19) 0-1

[Event "HokkaidoCh2018"]
[Site "?"]
[Date "2018.03.25"]
[Round "5.3"]
[White "MANABE, Hiroaki"]
[Black "YOSHII, Yukihiko"]
[Result "1/2-1/2"]
[WhiteElo "1783"]
[BlackElo "1723"]
[Annotator "Fritz 15 (30s)"]
[PlyCount "95"]
[SourceDate "2018.03.25"]

{C56: Two Knights: 4 d4 exd4 5 0-0 Nxe4} 1. e4 e5 2. Bc4 Nf6 3. d4 Nc6 4. Nf3
exd4 5. e5 Ng4 6. Qe2 Be7 7. h3 Nh6 8. Bxh6 gxh6 9. Nbd2 d5 10. exd6 Qxd6 11.
O-O-O $146 (11. Ne4 Qg6 12. O-O-O Bf5 13. Rhe1 O-O-O 14. g4 Bd7 15. Nxd4 Nxd4
16. Rxd4 Rhe8 17. Kb1 f5 18. gxf5 Bxf5 19. Rxd8+ Kxd8 20. Ng3 Bd7 21. Qf3 Qb6 {
1/2-1/2 (21) Mork,K (2305)-Johannessen,S (2275) Oslo 1998}) 11... Be6 {Black
king safety improved} 12. Rhe1 Bxc4 {Black forks: a2+e2} 13. Qxc4 Qg6 $2 (13...
O-O-O $142 $5 $14 {and Black can hope to survive}) 14. Nxd4 $16 Kf8 (14... Rd8
15. Nxc6 Qxc6 16. Qxc6+ bxc6 17. Re4 $16) 15. Nxc6 (15. N2b3 h5 16. Kb1 h6 $18)
15... bxc6 (15... Qxc6 16. Qxc6 bxc6 17. Nc4 $16) 16. Qe4 (16. Nf3 $142 $5 Bd6
17. Ne5 Qg5+ 18. f4 Qf5 $18) 16... Re8 (16... Qxe4 17. Rxe4 Rg8 18. g3 $16) 17.
Qxg6 (17. Qe5 $5 Rg8 18. g3 $18) 17... hxg6 $14 18. Nc4 Bg5+ 19. Kb1 Rxe1 20.
Rxe1 Kg7 21. c3 Rd8 22. Kc2 h5 (22... Bf6 23. Na5 Rd6 24. Re8 $16) 23. g3 (23.
Re5 Rd5 $16) 23... h4 24. g4 (24. Re4 Rh8 25. g4 Rd8 $16) 24... a6 (24... Bf4
$5 $14) 25. Re4 $16 f5 26. gxf5 gxf5 (26... Rf8 $142 $5 27. f4 gxf5 $16) 27.
Re6 $18 Bf4 28. Rxc6 a5 $2 (28... Re8 29. Kd1 Bg3 $18) 29. Rc5 (29. a4 {
makes it even easier for White} Re8 30. Nxa5 Re2+ 31. Kb3 Bg3 $18) 29... Kf6
30. Rxa5 Re8 31. Kd3 Re1 32. Ne3 $4 {White is ruining his position} (32. Rc5
$142 {White had this great chance} Rh1 33. Ne3 Bxe3 34. Kxe3 $18) 32... Bxe3
$16 33. fxe3 {A rook endgame occured} Rh1 34. Ra8 Rxh3 35. Rh8 Kg7 {Black
threatens to win material: Kg7xh8} 36. Rh5 {White threatens to win material:
Rh5xf5} Kg6 37. Rh8 f4 {Black threatens to win material: f4xe3} 38. Ke2 Rxe3+
39. Kf2 Kg5 40. Rg8+ Kf5 41. Rf8+ Kg4 42. Rg8+ Kf5 43. Rf8+ Ke4 44. Re8+ Kd3
45. Rd8+ Ke4 46. Re8+ Kd3 {Twofold repetition} 47. Rf8 $4 {gives the opponent
counterplay} (47. Rd8+ $142 {and White could well hope to play on} Kc2 48. Rd7
$11) 47... Ke4 $4 {allows the opponent back into the game} (47... h3 $142 {
Black has a promising position} 48. Rxf4 Re2+ 49. Kg1 h2+ 50. Kh1 Rxb2 51. Rf3+
Kc4 52. Rf4+ Kxc3 53. Rf3+ Kb4 54. Rf4+ Kc5 $19) 48. Re8+ $11 1/2-1/2

[Event "HokkaidoCh2018"]
[Site "?"]
[Date "2018.03.25"]
[Round "5.4"]
[White "HAKAMADA, Eiji"]
[Black "SHIBUYA, Kaisei"]
[Result "1/2-1/2"]
[WhiteElo "1510"]
[BlackElo "1582"]
[Annotator "Fritz 15 (30s)"]
[PlyCount "104"]
[SourceDate "2018.03.25"]

{A28: English Opening: Four Knights Variation} 1. c4 e5 2. Nc3 Nf6 3. Nf3 Nc6
4. e3 d5 5. cxd5 Nxd5 6. a3 (6. Qc2 Nb6 7. a3 Bd6 8. Be2 a5 9. b3 f5 10. d3 O-O
11. Nd2 Be6 12. O-O Qh4 13. Nb5 Bd5 14. e4 Be6 15. Bb2 Rad8 {1/2-1/2 (15)
Ghaem Maghami,E (2552)-Svetushkin,D (2546) Istanbul 2004}) 6... Nxc3 $146 (6...
Be6 7. Qc2 Qd7 8. d3 Be7 9. Be2 O-O 10. O-O f6 11. Bd2 Rad8 12. Rac1 Nxc3 13.
Bxc3 Bd5 14. Rfd1 {1/2-1/2 (14) Farkas,T (2276)-Keresztes,R (2255) Kecskemet
2011}) (6... a6 7. Qc2 Be6 8. Be2 Be7 9. O-O O-O 10. Rd1 f5 11. d4 e4 {1/2-1/2
(11) Pegorari,P (2366)-Skembris,S (2481) Cutro 2000}) 7. bxc3 {White has a
cramped position} Bf5 8. d3 {Consolidates e4} e4 9. Nd4 Nxd4 10. exd4 Be7 11.
Be2 O-O 12. O-O Bg5 13. dxe4 Bxe4 14. Bf3 Bxf3 15. Qxf3 c6 16. Rb1 {White
threatens to win material: Rb1xb7} Rb8 17. Re1 Bxc1 18. Rexc1 Qe7 19. c4 Rfd8 {
Black threatens to win material: Rd8xd4} 20. Re1 {White threatens to win
material: Re1xe7} Qd6 21. Re4 Re8 (21... b5 22. c5 Qd7 23. Rbe1 $11) 22. Rbe1 (
22. Rxb7 $142 $1 Rf8 23. Rxb8 Rxb8 24. g3 $16) 22... Rxe4 $11 23. Rxe4 Qh6 {
Black has a mate threat} 24. Re3 Qd6 25. Qg3 Qxg3 26. Rxg3 {A rook endgame
occured} Rd8 {Black threatens to win material: Rd8xd4} 27. Rd3 f5 28. f4 Kf7
29. Kf2 b5 30. cxb5 cxb5 {White has a new passed pawn: d4.} 31. Ke3 Re8+ 32.
Kf3 Re4 {The black rook on an outpost} 33. g4 (33. Rb3 Rxd4 34. Rxb5 Rd3+ 35.
Kf2 Rxa3 36. Rxf5+ Ke6 $11) 33... g6 (33... Ke6 34. d5+ Kd6 35. gxf5 $15) 34.
gxf5 $11 gxf5 35. d5 (35. Rb3 Rxd4 36. Rxb5 Rd3+ 37. Kg2 Rxa3 38. Rxf5+ Kg6 39.
Rg5+ Kf6 $11) 35... Ke7 (35... Ke8 36. Rb3 a6 37. Rb4 $15) 36. d6+ $11 Kd7 37.
Rd5 {White threatens to win material: Rd5xb5. White forks: b5+f5} Ra4 {Black
threatens to win material: Ra4xa3} 38. Rxb5 Kxd6 (38... Rxa3+ $5 {might be a
viable alternative} 39. Kg2 Kxd6 40. Rxf5 Ke6 $11) 39. Rxf5 $14 Rxa3+ 40. Kg4
a5 41. h4 (41. Rh5 Ra1 $16) 41... Ra1 42. Kh5 (42. Kg5 a4 $14) 42... a4 43. Ra5
a3 {A strong pawn} 44. f5 a2 45. Kh6 {White threatens to win material: Kh6xh7}
Kc6 (45... Ke7 46. Ra6 $11) 46. Kxh7 (46. f6 Kd7 47. f7 $16) 46... Kb6 $2 (
46... Kd6 $142 $11 {and Black is still in the game}) 47. Ra3 Kc7 48. f6 Kd7 49.
Ra7+ Ke8 50. h5 Kf8 51. h6 Ke8 (51... Rf1 52. Rxa2 Rxf6 53. Ra8+ Kf7 54. Ra7+
Kf8 55. Rg7 $18) 52. Ra6 $4 {overlooking an easy win} (52. Kg8 $142 {nails it
down} Rg1+ 53. Rg7 Rxg7+ 54. hxg7 $18) 52... Kf8 1/2-1/2

[Event "HokkaidoCh2018"]
[Site "?"]
[Date "2018.03.25"]
[Round "5.5"]
[White "SATO, Yasuji"]
[Black "SONOMOTO, Shinji"]
[Result "0-1"]
[WhiteElo "1614"]
[BlackElo "1740"]
[Annotator "Fritz 15 (30s)"]
[PlyCount "86"]
[SourceDate "2018.03.25"]

{B27: Sicilian: 2 Nf3, unusual Black 2nd moves} 1. e4 c5 2. Nf3 g6 3. c3 Bg7 4.
Bc4 d6 5. Ng5 $146 (5. d4 cxd4 6. cxd4 Nf6 7. Qe2 (7. e5 dxe5 8. Qb3 e6 9. dxe5
Nfd7 10. Bg5 Qb6 11. Qc3 Nc6 12. Bf4 Qb4 13. Qxb4 Nxb4 14. Na3 a6 15. O-O b5
16. Be2 Bb7 17. Rfe1 O-O 18. Rad1 Nc5 19. Rd4 Nxa2 20. Ra1 Nb3 21. Rxa2 Bxf3 {
Pudas,T (2163)-Seeman,T (2422) Finland 2005 0-1 (57)}) 7... d5 8. exd5 Nxd5 9.
Nc3 Nb6 10. Bb3 O-O 11. O-O Bg4 12. d5 N8d7 13. h3 Bxf3 14. Qxf3 Ne5 15. Qe2
Rc8 16. Bg5 h6 17. Bh4 g5 18. Bg3 Nec4 19. Rac1 Qd7 {Pap,M (2488)-Sibilio,M 
(2295) Tortoreto 2015 1/2-1/2 (55)}) (5. O-O Nf6 (5... Nc6 6. d4 Nf6 7. d5 Nb8
8. Re1 O-O 9. h3 Nbd7 10. Bf4 Ne8 11. Nbd2 Nc7 12. a4 a6 13. Qc2 b6 14. Bf1 Rb8
15. Nc4 f6 16. Nfd2 Rf7 17. Bg3 f5 18. exf5 gxf5 19. Nf3 h6 20. Bxd6 {
Vuilleumier,A (2354)-Okun,L (2370) Moscow 2006 1-0 (32)}) 6. d3 O-O 7. Bb3 Nc6
8. Re1 Bg4 9. h3 Bxf3 10. Qxf3 Nd7 11. Nd2 b5 12. Qe2 b4 13. cxb4 Nxb4 14. Nf3
Nc6 15. Bg5 Nde5 16. Nxe5 Bxe5 17. Bh6 Nd4 18. Qd1 Bg7 19. Bxg7 Kxg7 {Rabiega,
R (2527)-Wojtkiewicz,A (2564) playchess.com INT 2004 0-1 (59)}) (5. d4 cxd4 6.
cxd4 Nf6 $11) 5... e6 {Secures d5} 6. Qf3 $4 (6. d3 $142 $11 {had to be tried
to avoid defeat}) 6... Qxg5 $19 7. Bb5+ Nd7 8. O-O Qf6 9. Qe2 a6 10. Ba4 b5 11.
Bc2 Ne7 12. d3 O-O 13. Nd2 Bb7 14. Nf3 h6 15. Be3 Nc6 16. h3 Kh7 17. Nh2 (17.
d4 cxd4 18. Nxd4 Rfc8 $19) 17... Qe7 18. f4 f5 19. Rf2 (19. Nf3 Rae8 $19) 19...
d5 20. e5 d4 21. Bd2 Rad8 (21... g5 {might be the shorter path} 22. Nf3 g4 23.
Ne1 $19) 22. a4 Nb6 23. axb5 axb5 24. g4 (24. Nf3 {doesn't improve anything}
dxc3 25. bxc3 b4 $19) 24... Ra8 25. Rb1 Qh4 26. Qf1 (26. Nf3 {is not much help}
Qxh3 27. g5 Ne7 $19) 26... Qd8 (26... Nxe5 $142 {and the rest is a matter of
technique} 27. g5 dxc3 28. gxh6 Bxh6 29. Bxc3 Bxf4 30. Bxe5 $19) 27. Nf3 (27.
Bd1 {cannot undo what has already been done} Nd5 28. Bf3 g5 29. gxf5 exf5 $19)
27... Rg8 (27... fxg4 $5 {keeps an even firmer grip} 28. hxg4 Nd5 29. Ne1 $19)
28. Kh2 (28. Qe1 {does not win a prize} Qd5 29. Qf1 g5 $19) 28... Ne7 (28...
fxg4 $5 {makes it even easier for Black} 29. hxg4 Rf8 30. Kh3 $19) 29. cxd4
cxd4 30. Bb3 Qd7 31. Bb4 (31. Rc1 {is not the saving move} Rac8 $19) 31... Nc6
(31... Nbd5 $142 $5 {might be the shorter path} 32. Bd6 Ra6 33. Bc5 $19) 32.
Bd6 Bf8 33. Bxf8 Raxf8 34. Nd2 (34. g5 {is no salvation} Nb4 $19) 34... fxg4 (
34... Nb4 $5 {seems even better} 35. g5 $19) 35. hxg4 Nd5 36. Bxd5 Qxd5 (36...
exd5 $5 {and Black can already relax} 37. Qe2 $19) 37. Ne4 Qd8 38. Kg3 Nb4 39.
Rc1 (39. Nf6+ {otherwise it's curtains at once} Rxf6 40. exf6 Qxf6 41. Qe2 $19)
39... Bxe4 40. dxe4 d3 41. Rd2 (41. Rh2 {doesn't change the outcome of the game
} Qd4 42. Qf2 Nc2 43. Qxd4 Nxd4 $19) 41... Qd4 42. Rc7+ (42. Qf3 {does not
solve anything} g5 43. f5 Rc8 $19) 42... Rg7 43. Rc3 (43. Rxg7+ {the last
chance for counterplay} Kxg7 44. Qf2 Qxe4 45. Qf3 Qxf3+ 46. Kxf3 $19) 43...
Qe3+ (43... Qe3+ 44. Qf3 Qxd2 45. Ra3 Qe1+ 46. Kg2 d2 47. Re3 Rc7 48. Re2 Rxf4
49. Qxf4 Qxe2+ 50. Qf2 Qxf2+ 51. Kxf2 d1=Q 52. Kg3 Qd3+ 53. Kh2 Rc2+ 54. Kh1
Qd1#) 0-1